| 000 | 00844nam a22002297a 4500 | ||
|---|---|---|---|
| 003 | OSt | ||
| 005 | 20211103164508.0 | ||
| 008 | 211103b ||||| |||| 00| 0 eng d | ||
| 020 | _a9781496391001 | ||
| 040 |
_aPHNSL _cPHNSL |
||
| 100 | _aTaylor , Carol | ||
| 245 |
_aFundamentals of nursing : _bthe art and science of person-centered care / _cCarol Taylor , Pamela Lyn and Jennifer L. Bartlett |
||
| 250 | _a9th ed. | ||
| 260 |
_aPhiladelphia : _bWolters Kluwer , _c2019 . |
||
| 300 | _axxxvii , 1863 p. : ill , tables , charts , pics. , colour . | ||
| 500 | _aIncludes reflective practice, technology alerts, information chapter, QSEN boxes, legal alerts, etc. | ||
| 504 | _aIncludes bibliography and indexes. | ||
| 650 | _2Nursing | ||
| 651 | _2USA | ||
| 700 | _aTaylor, Carol , Lynn, Pamela and Bartlett, Jennifer L. | ||
| 942 |
_2lcc _cBK |
||
| 999 |
_c552 _d552 |
||